|
|
|
|
| LEADER |
00000nam0a2200000 4500 |
| 001 |
103575 |
| 005 |
20231101214508.0 |
| 010 |
|
|
|a 5891551365
|
| 035 |
|
|
|a (RuTPU)RU\TPU\book\111669
|
| 090 |
|
|
|a 103575
|
| 100 |
|
|
|a 20061019d2005 km y0rusy50 ca
|
| 101 |
0 |
|
|a rus
|
| 102 |
|
|
|a RU
|
| 105 |
|
|
|a y z 001zy
|
| 200 |
1 |
|
|a Теория информационных систем
|f Г. П. Тартаковский
|
| 210 |
|
|
|a Москва
|c Физматкнига
|d 2005
|
| 215 |
|
|
|a 304 с.
|
| 320 |
|
|
|a Библиогр.: с. 304.
|
| 330 |
|
|
|a В основу книги положены материалы лекций по теории информационных систем, которые автор читает в течение многих лет студентам МФТИ, специализирующихся в области синтеза и анализа алгоритмов обработки информации, принятия решений и управления. Книга охватывает вопросы, составляющие основы теории информации и теории статистических решений. Рассматриваются задачи проверки гипотез, оценивания параметров и фильтрации случайных процессов, стохастического управления, в том числе при наличии априорной неопределенности. Приводятся многочисленные примеры применения теории информационных систем для решения прикладных задач.
|
| 606 |
1 |
|
|a Информации теория
|2 stltpush
|3 (RuTPU)RU\TPU\subj\12892
|9 39595
|
| 610 |
1 |
|
|a информация
|
| 610 |
1 |
|
|a статистические решения
|
| 610 |
1 |
|
|a оценивание
|
| 610 |
1 |
|
|a фильтрация
|
| 610 |
1 |
|
|a информационные решения
|
| 610 |
1 |
|
|a информационные системы
|
| 675 |
|
|
|a 621.391
|v 3
|
| 700 |
|
1 |
|a Тартаковский
|b Г. П.
|g Георгий Петрович
|
| 801 |
|
1 |
|a RU
|b 63413507
|c 20061019
|g PSBO
|
| 801 |
|
2 |
|a RU
|b 63413507
|c 20150624
|g PSBO
|
| 900 |
|
|
|a Теория информационных процессов и систем
|
| 942 |
|
|
|c BK
|